Quizzes
Events
Quiz Creation
Community
Videos
Private Events
Remove Ads
Sign In
Join for FREE
Feedback
Dark Mode
Quiz Categories
Sports
Geography
Music
Movies
Television
Just For Fun
Miscellaneous
History
Literature
Language
Science
Gaming
Entertainment
Religion
Holiday
For Kids
Quiz Lab
Recent
Popular Today
Quiz Kudos Today
Editor Picks
Curator Picks
Quizzes by...
Day
Popularity
Type
Ratings
Length
Year
Community
Subscriptions
Recent Discussions
Orange Saloon
Badges
Playlists
Quests
Create
Leaderboards
Showdown
Live 5
Trivia Bingo
Activity
Puzzle Library
Sporcle Events
Private Events
Virtual Trivia
Globe League
Become a Host
Pub Owners
SporcleCon
Opinionation
Our Games
Videos
Blog
Mobile Apps
Partnerships
Remove Ads and Go Orange
Feedback
Music
Pop Music
The Beatles
Song
Album
Lyrics
Bands
Singers
Artist
Clip
Rock
Rap
Classical
Billboard
Country Music
Kpop
Taylor Swift
Music
Pop Music
The Beatles
Song
Album
Lyrics
Bands
Singers
Artist
Clip
Rock
Rap
Classical
Billboard
Country Music
Kpop
Taylor Swift
Random Quiz
Search Sporcle
×
Quiz Lab
Quiz Lab
Music
Bands
Type in answers that appear in a list
Type in answers that appear in a list
Classic
Best Score? Go Orange.
Albums by 3's Stats
Can you name the artist or band by three of their albums?
By
AmeliaFi
6m
20 Questions
73 Plays
73 Plays
73 Plays
Comments
Comments
Give Quiz Kudos
Give Quiz Kudos
-
- Ratings
hide this ad
More Info
Replay
Link that replays current quiz
Next Quiz
Link to next quiz in quiz playlist
You Got
0%
They Got
Avg Score
58%
Avg Friend Score
Upgrade to see
Score Distribution
Jump to the score distribution portion of the page
Score
0/20
Timer
06:00
0
Plays Today
Albums
Band or Artist
% Correct
A Hard Day's Night, Abbey Road, Help!
The Beatles
94.5%
Appetite for Destruction, Chinese Democracy, Use Your Illusion I
Guns N' Roses
87.7%
Dookie, International Superhits!, 21st Century Breakdown
Green Day
86.3%
How to Dismantle an Atomic Bomb, All That You Can't Leave Behind, No Line On the Horizon
U2
79.5%
X & Y, A Rush of Blood to the Head, Parachutes
Coldplay
79.5%
Paranoid, Master of Reality, Never Say Die!
Black Sabbath
72.6%
Elephunk, The E.N.D. (The Energy Never Dies), Monkey Business
Black Eyed Peas
68.5%
Synchronicity, Ghost in the Machine, Zenyatta Mondatta
The Police
67.1%
Minutes to Midnight, Hybrid Theory, A Thousand Suns
Linkin Park
60.3%
The Black Parade, Three Cheers for Sweet Revenge, I Brought You My Bullets You Brought Me Your Love
My Chemical Romance
57.5%
Albums
Band or Artist
% Correct
Kingdom Come, The Blueprint 3, Reasonable Doubt
Jay-Z
54.8%
Good Girl Gone Bad, Rated R, Music of the Sun
Rihanna
53.4%
Breakaway, All I Ever Wanted, My December
Kelly Clarkson
45.2%
Blue Hawaii, His Hand in Mine, Loving you
Elvis Presley
45.2%
I'm Not Dead, Funhouse, Try This
P!nk
42.5%
Too Low For Zero, The One, The Captain & The Kid
Elton John
41.1%
Confessions, Here I Stand, Raymond v Raymond
Usher
39.7%
Riot!, All We Know is Falling, Brand New Eyes
Paramore
37%
Battle Studies, Room for Squares, Continuum
John Mayer
30.1%
A Time to Love, Hotter than July, I Was Made to Love Her
Stevie Wonder
27.4%
Quiz Playlist
Details
Report
Send in Message
Add To Playlist
More Info:
Some commas in albums or other forms of punctuations may have been removed to make questions simpler or easier to read.
Classic:
Type in answers that appear in a list
Last Updated: Feb 16, 2017
Quiz Scoreboard
CHALLENGE
Sign Up to Join the Scoreboard
Show All
Scores
Hide
Comments
May contain spoilers
Recently Published
An Introduction to Baseball
by treessimontrees
Sports
5m
Movies - When Are They Set?
by FPL_Elf
Movies
5m
Popular People in 1961
by mucciniale
History
6m
More to Explore
Quiz From the Vault
Featured Blog Post
Where Did the Easter Bunny Come From?
hide this ad
You Might Also Like...
Tags
Album Quiz
Artist Quiz
Bands Quiz
old
Today
Today's Top Quizzes in Music
Browse Music
hide this ad
Today's Top Quizzes in Bands
Browse Bands
Top Contributed Quizzes in Music
1
Taylor Swift All Songs (2024)
2
Guess the Artist- 70s Songs
3
One Thing in Common: Music
4
KPOP LOGIC QUIZ
5
2010s Album by Cover III
6
Taylor Swift Logic Puzzle
7
Guess the Taylor Swift song (Mystery Song)
8
7-to-1: Billboard Hot 100 #1 Hits of 2010s
9
2010s Album by Cover IV
10
2010s Album by Cover V
Explore More
Trending Topics
Harry Potter
Anime
NBA
Marvel
Disney
Crossword
Kpop
Puzzle
Country
NFL
Soccer
WWE
The Office
Pokémon
Song
hide this ad
More By:
AmeliaFi
Quiz
Plays
Rating
Category
Featured
Created
Missing Word: Movie Titles
30,345
3.80
Just For Fun
Sep 6, 2010
Figure Out the Lyrics (MCR)
13,790
4.68
Music
Nov 24, 2010
Mamma Mia! Figure Out the Lyrics
5,377
2.57
Music
Dec 5, 2010
Figure Out the Lyrics (Christmas Edition)
5,168
3.86
Holiday
Dec 6, 2010
Sweeney Todd Figure Out the Lyrics
3,764
4.50
Music
Nov 11, 2010
Go to Creator's Profile
Score Distribution
Quiz Creator Spotlight
AmeliaFi
Follow
Send a Message
Quizzes Created
-
Created Quiz Play Count
-
More By This Creator
Popular Quizzes Today
1
Find the Countries of Europe - No Outlines Minefield
2
Find the US States - No Outlines Minefield
3
The Countries of the World
4
Popular People in 1961
5
Find the US States
6
US States
7
1-10 Letter E Words III
8
Risky Map Clicking: Biggest States A-Z
More Music Quizzes
These Songs Are Old Enough To Drink (1998)
Editor's Pick
Trending Quizzes
Risky Map Clicking: Least Populous States A-Z
1-10 Letter F Words
1-10 Letter G Words
One Thing in Common: United Kingdom
Risky Map Clicking: Next State Alphabetically
Recently Updated
Leaping Animals
pecheneg
Reality TV Shows (A-Z)
bhenderson79
Rickey Henderson's Hall of Fame Teammates
pecheneg
Champions League XIs: Arsenal
pecheneg
Quick Pick: Celebrities in WWE's Hall of Fame
aduchscher
A-Z Keypad Blitz II
pecheneg
Multiple Oscar Actors
pecheneg
Mystery Phrase Blitz: Oscar 'Best Actors'
pecheneg
F. Scott Fitzgerald Novels
LTH
Pick 3 Villains
ddd62291
Trending Topics
NBA
Harry Potter
Marvel
Disney
Crossword
Kpop
Anime
Puzzle
The Office
Pokémon
Soccer
Song
WWE
Country
NFL
Your Account Isn't Verified!
In order to create a playlist on Sporcle, you need to verify the email address you used during registration. Go to your
Sporcle Settings
to finish the process.
Report this User
Report this user for behavior that violates our
Community Guidelines
.
Details:
Send Report
Go to the Sporcle.com Mobile Site →
Comments